000 00338nam a22001457a 4500
008 210305b ||||| |||| 00| 0 eng d
020 _a9780874342581
041 _aeng
080 _a610.73
082 _2610.73
100 _a2
101 _aINF
245 _aMAternal,Neonatal,and Women's Health Nursing
_cCohen,M.S
942 _2udc
_cBK
999 _c55783
_d55783